PRÍSPEVOK K ŠTÚDIU TVÁRNEHO PORUŠOVANIA NÍZKOUHLÍKOVYCH OCELÍ

Bibliographic Details
Main Author: Gerö, Róbert (Author)
Format: Article
Language:Slovak

MARC

LEADER 00000nab a2200000ua 4500
001 vtls010751620
003 SK-MaSNL
005 20260304203039.0
008 250718s1966 xo |||||||||||||||||slo|
035 |a (urnnbn)urn:nbn:sk:snk:ar-002pn1 
035 |a (uuid)6bc6777a-b2ef-42a7-954e-9d5893e7d260 
035 |a urn:nbn:sk:snk-ab41d7 
040 |a SNKBUCL  |b slo  |c SNKBUCL  |e AACR2 
041 0 |a slo 
044 |a xo  |c SK 
100 1 |a Gerö, Róbert  |4 aut  |9 1157320 
245 1 0 |a PRÍSPEVOK K ŠTÚDIU TVÁRNEHO PORUŠOVANIA NÍZKOUHLÍKOVYCH OCELÍ  |c Róbert Gerö 
773 0 |t Kovové materiály  |g Roč. 4, č. 5 (1966), s. 402-411 
850 |a Slovenská národná knižnica 
852 |a Slovenská národná knižnica 
954 |a odborná, vedecká literatúra pôvodná (slovenská)  |2 lita 
958 |a article3 
958 |a OND 
958 |a EUIPO 
999 |c 3107213  |d 3109143